Systemic sociology / (Record no. 122673)

MARC details
000 -LEADER
fixed length control field 00622nam a22002177a 4500
005 - DATE AND TIME OF LATEST TRANSACTION
control field 20170124105914.0
010 ## - LIBRARY OF CONGRESS CONTROL NUMBER
LC control number A-687812
020 ## - INTERNATIONAL STANDARD BOOK NUMBER
Terms of availability 00.00
International Standard Book Number 8170363527
035 ## - SYSTEM CONTROL NUMBER
System control number A-687812
037 ## - SOURCE OF ACQUISITION
Source of stock number/acquisition Cen Lib/Ret
040 ## - CATALOGING SOURCE
Original cataloging agency DPL
Language of cataloging EN
082 ## - DEWEY DECIMAL CLASSIFICATION NUMBER
Classification number 301
Item number MAI
100 ## - MAIN ENTRY--PERSONAL NAME
Personal name Mukherjee, Ramkrishna
9 (RLIN) 1248
245 ## - TITLE STATEMENT
Title Systemic sociology /
Statement of responsibility, etc by Ramkrishna Mukherjee
260 ## - PUBLICATION, DISTRIBUTION, ETC. (IMPRINT)
Place of publication, distribution, etc New Delhi
Name of publisher, distributor, etc Sage publications
Date of publication, distribution, etc 1993
270 ## - ADDRESS
Address M-32, Greater Kailash
City New Delhi
Postal code 110048
300 ## - PHYSICAL DESCRIPTION
Extent 166p.
Dimensions 22cm(Hb)
650 ## - SUBJECT ADDED ENTRY--TOPICAL TERM
Topical term or geographic name as entry element Sociology
9 (RLIN) 88066
650 ## - SUBJECT ADDED ENTRY--TOPICAL TERM
Topical term or geographic name as entry element Social science
9 (RLIN) 88067
942 ## - ADDED ENTRY ELEMENTS (KOHA)
Source of classification or shelving scheme Dewey Decimal Classification
Koha item type English Books
Classification part 301
Call number suffix MAI
Holdings
Withdrawn status Lost status Damaged status Not for loan Collection code Home library Current library Date acquired Source of acquisition Cost, normal purchase price Total Checkouts Full call number Barcode Date last seen Copy number Cost, replacement price Price effective from Koha item type
      Not For Loan Reference Central Library Central Library 28/05/2015 Cen Lib/Ret 850.00   060 CHA A-687812 28/05/2015 1 850.00 15/09/2016 English Books

© Delhi Public Library
Hit Counter
free hit counter